Sporclin' Through the 2000s III Quiz Stats

 Plays Quiz Updated Nov 21, 2017

Challenge
Share
Tweet
Score 0/36 Timer 06:00
14 Plays Today
Hint Answer % Correct
Spider-Man
97.4%
Finding Nemo
97.2%
 
▼    Television    ▼
 
South Park
94.8%
 
▼    History    ▼
 
Vladimir Putin
94.5%
Oprah Winfrey
94.2%
 
▼    Movies    ▼
 
The Fellowship of the Ring
93.2%
 
▼    Music    ▼
 
Amy Winehouse
86.7%
Xbox
84.8%
24
81%
George Lucas
79.8%
Slumdog Millionaire
78.3%
Sex and the City
77.3%
 
▼    Gaming    ▼
 
Snake II
74.2%
Madden NFL 08
72.4%
The Da Vinci Code
71.5%
Roger Federer
71%
The Emperor's New Groove
70.1%
The West Wing
69.7%
Hint Answer % Correct
Coldplay
64.2%
Arrested Development
61.8%
Nelly
58%
Curb Your Enthusiasm
56.2%
Alicia Keys
46.8%
Limp Bizkit
46.4%
Razor Scooter
43.6%
Tim Duncan
43.5%
World of Warcraft
43.1%
Oasis
41.5%
Sidney Crosby
38.3%
Manny Ramirez
34.5%
 
▼    Sports    ▼
 
Lennox Lewis
30.3%
God of War: Chains of Olympus
29%
Gordon Brown
28.9%
Benazir Bhutto
23.5%
Annika Sörenstam
19.1%
Ariel Sharon
14.6%

You're not logged in!

Compare scores with friends on all Sporcle quizzes.
Join for Free
OR
Log In

You Might Also Like...

Show Comments

Extras

Top Quizzes Today


Score Distribution

Your Account Isn't Verified!

In order to create a playlist on Sporcle, you need to verify the email address you used during registration. Go to your Sporcle Settings to finish the process.

Report this User

Report this user for behavior that violates our Community Guidelines.

Details: